Normal view
MARC view
- Prato, Norma Lidia
Entry Nombre Personal
001 - NUMERO DE CONTROL
- campo de control: 58949
003 - IDENTIFICADOR DE NUMERO DE CONTROL
- campo de control: MX-MxUPN
005 - FECHA Y HORA DE LA ÜLTIMA TRANSACCIÓN
- campo de control: 20260306105712.0
008 - DATOS DE LONGITUD FIJA
- campo de control de longitud fija: 260306nn ac|nnaabn a aaa d
040 ## - FUENTE DE CATALOGACIÓN
- Agencia original de catalogación: MX-MxUPN
100 1# - ENCABEZAMIENTO - NOMBRE PERSONAL
- Nombre personal: Prato, Norma Lidia
670 ## - FUENTE EN LA QUE SE LOCALIZARON DATOS
- Cita de la fuente: Abordaje de la gramática desde una perspectiva psicolingüística, 1994 :
- Información localizada: portada (Norma Lidia Prato)
902 ## - CATALOGADOR
- Catalogador: JohanaAllegre/060326
